000 00983nam a2200289Ia 4500
003 OSt
005 20220928123945.0
006 a|||||r|||| 00| 0
007 ta
008 220927b |||||||| |||| 00| 0 eng d
020 _c8909
024 _a116573
037 _b096, 10/09/2012, Pioneer Book Distributors
_cTextual
040 _aSDCL
_cSDCL
_beng
041 _2eng
_aeng
082 _aX:9591.2'P, Q2
100 _aKim Cheolsu
_9462599
245 0 _aImplementing an inclusive and equitable pension reform
_b Lessons from india's new pension scheme.
260 _aLondon
_bRoutledge
_c2012
300 _axv,272p
_ccm.
650 _aFinancial Studies
700 _a Bhardwaj Gautam
_9462600
700 _a Galer Russell G
_9462601
700 _a Mackellar Landis
_9462602
942 _hX:9591.2'P, Q2
_cTEXL
_2CC
999 _c775570
_d775570